|
|
|
|
| LEADER |
00000cam a2200000 4500 |
| 001 |
vtls011429427 |
| 003 |
SK-MaSNL |
| 005 |
20260426015533.0 |
| 008 |
200104s2015 xo a gra 100 0 slo |
| 015 |
|
|
|a SNBA2018/05
|
| 020 |
|
|
|a 9788097134082
|q (brožované)
|
| 035 |
|
|
|a urn:nbn:sk:snk-am00d2m6
|
| 035 |
|
|
|a urn:nbn:sk:snk-am3hjkq
|
| 035 |
|
|
|a D40312AA-8B8B-4261-B651-122625385DF1
|
| 040 |
|
|
|a SNK
|b slo
|c SNK
|e rda
|
| 041 |
0 |
|
|a slo
|a eng
|b eng
|
| 043 |
|
|
|a e-xo---
|
| 044 |
|
|
|a xo
|c SK
|
| 072 |
|
7 |
|a 611
|x Anatómia človeka a porovnávacia anatómia
|2 konspekt
|
| 072 |
|
7 |
|a 616
|x Patológia. Klinická medicína
|2 konspekt
|
| 080 |
|
|
|a 611.1
|2 2011
|
| 080 |
|
|
|a 616.13/.14
|2 2011
|
| 080 |
|
|
|a (062.534)
|2 2011
|
| 080 |
|
|
|a (437.6)
|2 2011
|
| 080 |
|
|
|a (048.3)
|2 2011
|
| 111 |
2 |
|
|a Slovenský angiologický kongres
|n (23. :
|d 2015 :
|c Tatranská Lomnica, Slovensko)
|4 aut
|9 753255
|
| 245 |
1 |
0 |
|a XXIII. Slovenský angiologický kongres
|b s medzinárodnou účasťou : usporiadateľ Slovenská angiologická spoločnosť Slovenskej lekárskej spoločnosti (S.A.S.SLS) : 24.-26.9.2015, Hotel Sorea Titris, Tatranská Lomnica, Vysoké Tatry
|c spracovala spoločnosť SOLEN ; redaktorka Andrea Dúbravčíková
|
| 246 |
3 |
3 |
|a Dvadsiaty tretí Slovenský angiologický kongres
|
| 246 |
3 |
0 |
|a Slovenský angiologický kongres
|
| 246 |
3 |
1 |
|a 23rd Slovak angiological congress
|b with international participation
|
| 246 |
3 |
3 |
|a Twentythird Slovak angiological congress
|
| 246 |
3 |
0 |
|a Slovak angiological congress
|
| 264 |
|
1 |
|a Bratislava
|b Solen
|c 2015
|
| 300 |
|
|
|a 66 strán
|b ilustrácie
|c 21 cm
|
| 336 |
|
|
|a text
|b txt
|2 marccontent
|
| 337 |
|
|
|a bez média
|b n
|2 marcmedia
|
| 338 |
|
|
|a zväzok
|b nc
|2 marccarrier
|
| 546 |
|
|
|a Abstrakty a text čiastočne v angličtine
|
| 650 |
0 |
7 |
|a angiológia
|2 SNKPH
|9 2423
|
| 650 |
0 |
7 |
|a cievne choroby
|2 SNKPH
|9 85261
|
| 650 |
0 |
7 |
|a Angiology
|2 SNKPHeng
|9 336238
|
| 650 |
0 |
7 |
|a Vascular diseases
|2 SNKPHeng
|9 309951
|
| 651 |
|
7 |
|a Slovensko
|2 SNKPHgeo
|9 14231
|
| 651 |
|
7 |
|a Slovakia
|2 SNKPHeng
|9 92630
|
| 655 |
|
7 |
|a zborníky konferencií
|2 SNKPH
|9 70153
|
| 655 |
|
7 |
|a Proceedings of conferences
|2 SNKPHeng
|9 265791
|
| 655 |
|
7 |
|a abstrakty
|2 SNKPH
|9 22516
|
| 655 |
|
7 |
|a Abstracts
|2 SNKPHeng
|9 275616
|
| 700 |
1 |
|
|a Dúbravčíková, Andrea
|4 red
|9 275831
|
| 710 |
2 |
|
|a Slovenská lekárska spoločnosť.
|b Slovenská angiologická spoločnosť
|4 com
|9 753256
|
| 710 |
2 |
|
|a SOLEN (Bratislava, Slovensko)
|4 com
|9 502995
|
| 919 |
|
|
|a 978-80-971340-8-2
|
| 999 |
|
|
|c 1187321
|d 1189251
|
| 952 |
|
|
|a SNK
|b SNK
|y PREZ
|7 0
|p 17A1319685
|o snkSC 177954
|i snk2018/2986
|8 0
|0 0
|1 0
|4 0
|d 2018-02-01
|f 1
|l 0
|r 2025-09-19 00:00:00
|w 2026-02-24
|